000
00280nam a22001097a 4500
003
OSt
008
250121b |||||||| |||| 00| 0 eng d
041
_a
eng
245
_a
Differential Equations and their Applications
260
_a
New Delhi:
_b
Marusa Publication,
_c
1984.
942
_c
BK
999
_c
19095
_d
19095